00634nam a22001695i 450000100060000000300090000600500170001500700030003200800410003504000210007624501380009726000720023530000430030771000630035085200260041385200250043948066ES-MaACL20230906161703.0t|981118s1881 sp ||||1| spa d aCAM bspa cCCPB03aLa cuestión de Canarias en la Sociedad Económica Matritense b: documentos que publica acerca de este asunto dicha Corporación. aMadrid : bSociedad Económica Matritense, c1881 (fManuel Tello) a77 p., [1] h. de map. pleg. ; c23 cm.2 aReal Sociedad Económica Matritense de Amigos del País. aES-MaACLjFol-Laf-260 aES-MaACLjT-428-F-20